[Event "DVM U14 2023"]
[Site "Magdeburg GER"]
[Date "2023.12.27"]
[Round "2"]
[White "Fruth, David"]
[Black "Sauer, Tim"]
[Result "0-1"]
[Termination "normal"]
[Board "2.1"]
[WhiteElo "1881"]
[BlackElo "2155"]
[WhiteClock "01:20:50"]
[BlackClock "00:01:05"]
[WhiteTeam "USV TU Dresden"]
[BlackTeam "Schachzentrum Bemerode"]
[PlyCount "172"]
[WhiteFideId "16257596"]
[BlackFideId "16265726"]
[EventCountry "GER"]
[EventRounds "7"]
[EventType "team-swiss"]
[EventDate "2023.12.26"]

1. e4 {[%clk 01:29:28]} {[%emt 00:01:31]} c5 {[%clk 01:30:55]} {[%emt
00:00:05]} 2. Nf3 {[%clk 01:29:57]} {[%emt 00:00:02]} Nc6 {[%clk 01:31:20]}
{[%emt 00:00:05]} 3. d4 {[%clk 01:30:23]} {[%emt 00:00:04]} cxd4 {[%clk
01:31:45]} {[%emt 00:00:04]} 4. Nxd4 {[%clk 01:30:50]} {[%emt 00:00:03]} g6
{[%clk 01:32:10]} {[%emt 00:00:06]} 5. Nc3 {[%clk 01:31:13]} {[%emt 00:00:07]}
Bg7 {[%clk 01:32:36]} {[%emt 00:00:04]} 6. Be3 {[%clk 01:31:39]} {[%emt
00:00:04]} Nf6 {[%clk 01:33:01]} {[%emt 00:00:04]} 7. Bc4 {[%clk 01:32:04]}
{[%emt 00:00:06]} Qa5 {[%clk 01:33:27]} {[%emt 00:00:04]} 8. O-O {[%clk
01:32:17]} {[%emt 00:00:17]} O-O {[%clk 01:33:53]} {[%emt 00:00:04]} 9. Bb3
{[%clk 01:32:39]} {[%emt 00:00:08]} d6 {[%clk 01:34:19]} {[%emt 00:00:04]} 10.
h3 {[%clk 01:31:21]} {[%emt 00:01:48]} Bd7 {[%clk 01:34:40]} {[%emt 00:00:08]}
11. f4 {[%clk 01:31:15]} {[%emt 00:00:37]} Rac8 {[%clk 01:28:05]} {[%emt
00:07:04]} 12. Qf3 {[%clk 01:26:25]} {[%emt 00:05:20]} Qc7 {[%clk 01:14:53]}
{[%emt 00:13:42]} 13. Rad1 {[%clk 01:25:27]} {[%emt 00:01:28]} a6 {[%emt
00:06:21]} 14. Nxc6 {[%clk 01:23:16]} {[%emt 00:00:37]} Bxc6 {[%clk 01:07:14]}
{[%emt 00:04:23]} 15. Bd4 {[%clk 01:22:08]} {[%emt 00:01:38]} Nd7 {[%clk
01:02:43]} {[%emt 00:05:01]} 16. Bxg7 {[%clk 01:20:59]} {[%emt 00:01:39]} Kxg7
{[%clk 00:56:43]} {[%emt 00:06:30]} 17. Qe3 {[%clk 01:20:37]} {[%emt 00:00:52]}
b5 {[%clk 00:44:17]} {[%emt 00:12:55]} 18. Rf2 {[%clk 01:15:41]} {[%emt
00:05:27]} Qb6 {[%clk 00:36:19]} {[%emt 00:08:27]} 19. Qxb6 {[%clk 01:14:30]}
{[%emt 00:01:42]} Nxb6 {[%clk 00:36:40]} {[%emt 00:00:08]} 20. a3 {[%clk
01:12:53]} {[%emt 00:02:08]} a5 {[%clk 00:30:33]} {[%emt 00:06:37]} 21. Re2
{[%clk 01:09:29]} {[%emt 00:03:51]} Rfd8 {[%clk 00:15:26]} {[%emt 00:15:39]}
22. Kf2 {[%clk 01:09:20]} {[%emt 00:00:40]} Nd7 {[%clk 00:05:36]} {[%emt
00:10:19]} 23. Bd5 {[%clk 01:09:00]} {[%emt 00:00:50]} b4 {[%clk 00:02:50]}
{[%emt 00:03:16]} 24. axb4 {[%clk 01:06:26]} {[%emt 00:03:04]} axb4 {[%clk
00:02:54]} {[%emt 00:00:27]} 25. Bxc6 {[%clk 01:06:17]} {[%emt 00:00:38]} bxc3
{[%clk 00:01:50]} {[%emt 00:01:35]} 26. Bxd7 {[%clk 01:06:41]} {[%emt
00:00:06]} Rxd7 {[%clk 00:02:10]} {[%emt 00:00:09]} 27. bxc3 {[%clk 01:07:03]}
{[%emt 00:00:08]} Rxc3 {[%clk 00:01:35]} {[%emt 00:01:05]} 28. Rd3 {[%clk
01:07:00]} {[%emt 00:00:33]} Rc4 {[%clk 00:01:05]} {[%emt 00:01:00]} 29. g3
{[%clk 01:06:49]} {[%emt 00:00:41]} Rdc7 {[%clk 00:01:29]} {[%emt 00:00:05]}
30. Rdd2 {[%clk 01:06:51]} {[%emt 00:00:29]} Ra7 {[%clk 00:01:10]} {[%emt
00:00:49]} 31. e5 {[%clk 01:05:29]} {[%emt 00:01:52]} dxe5 {[%clk 00:01:14]}
{[%emt 00:00:27]} 32. Rxe5 {[%clk 01:05:42]} {[%emt 00:00:17]} e6 {[%clk
00:01:34]} {[%emt 00:00:09]} 33. Kf3 {[%clk 01:05:21]} {[%emt 00:00:51]} Ra2
{[%clk 00:00:52]} {[%emt 00:01:11]} 34. Ree2 {[%clk 01:05:08]} {[%emt
00:00:44]} Rc3+ {[%clk 00:00:47]} {[%emt 00:00:35]} 35. Kf2 {[%clk 01:05:25]}
{[%emt 00:00:12]} Raa3 {[%clk 00:00:57]} {[%emt 00:00:22]} 36. Rd3 {[%clk
01:05:08]} {[%emt 00:00:47]} Rxd3 {[%clk 00:01:20]} {[%emt 00:00:06]} 37. cxd3
{[%clk 01:05:37]} Rxd3 {[%clk 00:01:43]} {[%emt 00:00:08]} 38. Ra2 {[%clk
01:06:00]} {[%emt 00:00:06]} Rb3 {[%clk 00:01:34]} {[%emt 00:00:39]} 39. Kg2
{[%clk 01:03:10]} {[%emt 00:03:20]} h6 {[%clk 00:01:04]} {[%emt 00:01:01]} 40.
h4 {[%clk 01:00:41]} {[%emt 00:02:59]} Rb5 {[%clk 00:00:56]} {[%emt 00:00:38]}
41. Kf3 {[%clk 01:00:26]} {[%emt 00:00:44]} g5 {[%clk 00:19:38]} {[%emt
00:11:48]} 42. hxg5 {[%clk 01:30:37]} {[%emt 00:00:20]} hxg5 {[%clk 00:20:01]}
{[%emt 00:00:06]} 43. Ra3 {[%clk 01:30:09]} {[%emt 00:00:58]} Kg6 {[%clk
00:19:51]} {[%emt 00:00:40]} 44. Rc3 {[%clk 01:30:15]} {[%emt 00:00:24]} Kf5
{[%clk 00:17:46]} {[%emt 00:02:35]} 45. Ra3 {[%clk 01:30:33]} {[%emt 00:00:13]}
f6 {[%clk 00:15:39]} {[%emt 00:02:36]} 46. Rc3 {[%clk 01:30:32]} {[%emt
00:00:31]} Ra5 {[%clk 00:03:32]} {[%emt 00:12:37]} 47. Rb3 {[%clk 01:30:51]}
{[%emt 00:00:12]} g4+ {[%clk 00:01:17]} {[%emt 00:02:45]} 48. Ke3 {[%clk
01:30:27]} {[%emt 00:00:53]} Ra2 {[%clk 00:01:34]} {[%emt 00:00:11]} 49. Rb5+
{[%clk 01:25:23]} {[%emt 00:05:36]} Kg6 {[%clk 00:00:53]} {[%emt 00:01:12]} 50.
Rb3 {[%clk 01:25:25]} {[%emt 00:00:27]} Rg2 {[%clk 00:00:42]} {[%emt 00:00:41]}
51. Ke4 {[%clk 01:24:23]} {[%emt 00:01:32]} Rg1 {[%clk 00:00:57]} {[%emt
00:00:15]} 52. Ra3 {[%clk 01:24:30]} {[%emt 00:00:23]} Re1+ {[%clk 00:00:44]}
{[%emt 00:00:43]} 53. Kd3 {[%clk 01:23:40]} {[%emt 00:01:20]} Kf5 {[%clk
00:00:35]} {[%emt 00:00:39]} 54. Kd2 {[%clk 01:23:23]} {[%emt 00:00:46]} Rg1
{[%clk 00:00:57]} {[%emt 00:00:08]} 55. Ke2 {[%clk 01:23:32]} {[%emt 00:00:21]}
Rg2+ {[%clk 00:01:17]} {[%emt 00:00:12]} 56. Kf1 {[%clk 01:23:45]} {[%emt
00:00:17]} Rb2 {[%clk 00:01:07]} {[%emt 00:00:39]} 57. Ra5+ {[%clk 01:22:00]}
{[%emt 00:02:15]} Ke4 {[%clk 00:00:40]} {[%emt 00:00:57]} 58. Ra4+ {[%clk
01:22:26]} {[%emt 00:00:03]} Kf5 {[%clk 00:00:56]} {[%emt 00:00:15]} 59. Ra5+
{[%clk 01:22:43]} {[%emt 00:00:14]} e5 {[%clk 00:00:35]} {[%emt 00:00:51]} 60.
fxe5 {[%clk 01:22:58]} {[%emt 00:00:15]} fxe5 {[%clk 00:01:01]} {[%emt
00:00:04]} 61. Ra4 {[%clk 01:23:16]} {[%emt 00:00:12]} Rb3 {[%clk 00:00:37]}
{[%emt 00:00:53]} 62. Kf2 {[%clk 01:23:22]} {[%emt 00:00:23]} Rb2+ {[%clk
00:01:00]} {[%emt 00:00:08]} 63. Kf1 {[%clk 01:23:45]} {[%emt 00:00:07]} Rd2
{[%clk 00:01:04]} {[%emt 00:00:25]} 64. Kg1 {[%clk 01:23:44]} {[%emt 00:00:32]}
Rd4 {[%clk 00:00:34]} {[%emt 00:01:00]} 65. Ra2 {[%clk 01:23:56]} {[%emt
00:00:19]} Ke4 {[%clk 00:00:31]} {[%emt 00:00:33]} 66. Kf2 {[%clk 01:24:14]}
{[%emt 00:00:12]} Rc4 {[%clk 00:00:45]} {[%emt 00:00:15]} 67. Ke2 {[%clk
01:24:19]} {[%emt 00:00:25]} Kd4 {[%clk 00:00:38]} {[%emt 00:00:37]} 68. Rd2+
{[%clk 01:23:46]} {[%emt 00:01:04]} Ke4 {[%clk 00:00:49]} {[%emt 00:00:19]} 69.
Ra2 {[%clk 01:24:11]} {[%emt 00:00:04]} Rc3 {[%clk 00:00:33]} {[%emt 00:00:46]}
70. Ra4+ {[%clk 01:24:32]} {[%emt 00:00:09]} Kf5 {[%clk 00:00:59]} {[%emt
00:00:05]} 71. Kf2 {[%clk 01:24:45]} {[%emt 00:00:16]} Rd3 {[%clk 00:00:36]}
{[%emt 00:00:53]} 72. Rb4 {[%clk 01:24:44]} {[%emt 00:00:31]} Rd2+ {[%clk
00:00:57]} {[%emt 00:00:09]} 73. Kg1 {[%clk 01:24:49]} {[%emt 00:00:24]} e4
{[%clk 00:00:50]} {[%emt 00:00:38]} 74. Kf1 {[%clk 01:24:37]} {[%emt 00:00:41]}
Ke5 {[%clk 00:00:38]} {[%emt 00:00:43]} 75. Ra4 {[%clk 01:24:56]} {[%emt
00:00:11]} Rd4 {[%clk 00:00:32]} {[%emt 00:00:37]} 76. Ra5+ {[%clk 01:25:03]}
{[%emt 00:00:22]} Rd5 {[%clk 00:00:56]} {[%emt 00:00:06]} 77. Ra4 {[%clk
01:25:26]} {[%emt 00:00:07]} Rb5 {[%clk 00:00:38]} {[%emt 00:00:48]} 78. Ke2
{[%clk 01:25:34]} {[%emt 00:00:21]} Kf5 {[%clk 00:00:34]} {[%emt 00:00:35]} 79.
Ke3 {[%clk 01:25:43]} {[%emt 00:00:20]} Rb3+ {[%clk 00:00:58]} {[%emt
00:00:07]} 80. Kf2 {[%clk 01:25:58]} {[%emt 00:00:12]} Rf3+ {[%clk 00:00:36]}
{[%emt 00:00:55]} 81. Kg2 {[%clk 01:26:20]} {[%emt 00:00:07]} e3 {[%clk
00:00:48]} {[%emt 00:00:18]} 82. Ra2 {[%clk 01:25:59]} {[%emt 00:00:51]} Ke5
{[%clk 00:00:40]} {[%emt 00:00:39]} 83. Ra5+ {[%clk 01:25:22]} {[%emt
00:01:07]} Ke4 {[%clk 00:00:33]} {[%emt 00:00:38]} 84. Ra2 {[%clk 01:20:13]}
{[%emt 00:05:38]} Rf2+ {[%clk 00:00:40]} {[%emt 00:00:23]} 85. Rxf2 {[%clk
01:20:33]} {[%emt 00:00:10]} exf2 {[%clk 00:01:05]} {[%emt 00:00:05]} 86. Kxf2
{[%clk 01:20:50]} {[%emt 00:00:13]} Ke5 {[%emt 00:00:18]} 0-1

[Event "DVM U14 2023"]
[Site "Magdeburg GER"]
[Date "2023.12.27"]
[Round "2"]
[White "Gärtner, Alessandro"]
[Black "Marynychenko, Yehor"]
[Result "1-0"]
[Termination "normal"]
[Board "2.2"]
[WhiteElo "1660"]
[BlackElo "1795"]
[WhiteClock "00:09:28"]
[BlackClock "01:02:32"]
[WhiteTeam "Schachzentrum Bemerode"]
[BlackTeam "USV TU Dresden"]
[PlyCount "61"]
[WhiteFideId "16268024"]
[BlackFideId "34160558"]
[EventCountry "GER"]
[EventRounds "7"]
[EventType "team-swiss"]
[EventDate "2023.12.26"]

1. c4 {[%clk 01:30:50]} {[%emt 00:00:09]} c5 {[%clk 01:30:46]} {[%emt
00:00:14]} 2. Nf3 {[%clk 01:29:59]} {[%emt 00:01:21]} Nf6 {[%clk 01:31:01]}
{[%emt 00:00:14]} 3. g3 {[%clk 01:30:15]} {[%emt 00:00:16]} g6 {[%clk
01:30:45]} {[%emt 00:00:45]} 4. Bg2 {[%clk 01:30:36]} {[%emt 00:00:08]} d6
{[%clk 01:31:07]} {[%emt 00:00:08]} 5. d4 {[%clk 01:30:13]} {[%emt 00:00:54]}
cxd4 {[%clk 01:31:19]} {[%emt 00:00:19]} 6. Nxd4 {[%clk 01:30:36]} {[%emt
00:00:07]} Bg7 {[%clk 01:31:42]} {[%emt 00:00:05]} 7. O-O {[%clk 01:30:52]}
{[%emt 00:00:15]} O-O {[%clk 01:32:03]} {[%emt 00:00:07]} 8. Nc3 {[%clk
01:29:02]} {[%emt 00:02:22]} a6 {[%clk 01:31:53]} {[%emt 00:00:40]} 9. b3
{[%clk 01:27:14]} {[%emt 00:02:19]} Qc7 {[%clk 01:31:50]} {[%emt 00:00:31]} 10.
Bb2 {[%clk 01:27:08]} {[%emt 00:00:37]} Nc6 {[%clk 01:30:54]} {[%emt 00:01:25]}
11. Rc1 {[%clk 01:24:13]} {[%emt 00:03:26]} e6 {[%clk 01:28:07]} {[%emt
00:03:16]} 12. Qd2 {[%clk 01:11:48]} {[%emt 00:12:57]} Bd7 {[%clk 01:26:14]}
{[%emt 00:02:22]} 13. Rfd1 {[%clk 01:08:26]} {[%emt 00:03:53]} Rfd8 {[%clk
01:26:19]} {[%emt 00:00:24]} 14. Nd5 {[%clk 00:53:04]} {[%emt 00:15:52]} exd5
{[%clk 01:20:07]} {[%emt 00:06:42]} 15. cxd5 {[%clk 00:53:19]} {[%emt
00:00:15]} Nxd5 {[%clk 01:12:32]} {[%emt 00:08:05]} 16. Bxd5 {[%clk 00:52:29]}
{[%emt 00:01:21]} Be8 {[%clk 01:10:08]} {[%emt 00:02:53]} 17. Nf5 {[%clk
00:31:16]} {[%emt 00:21:44]} Bxb2 {[%clk 01:07:33]} {[%emt 00:03:04]} 18. Nh6+
{[%clk 00:31:36]} {[%emt 00:00:10]} Kg7 {[%clk 01:07:10]} {[%emt 00:00:53]} 19.
Qxb2+ {[%clk 00:32:01]} {[%emt 00:00:06]} f6 {[%clk 01:04:27]} {[%emt
00:03:12]} 20. Ng8 {[%clk 00:32:23]} {[%emt 00:00:08]} Bf7 {[%clk 01:03:37]}
{[%emt 00:01:20]} 21. Nxf6 {[%clk 00:32:12]} {[%emt 00:00:41]} Kf8 {[%clk
01:03:22]} {[%emt 00:00:45]} 22. Nxh7+ {[%clk 00:31:35]} {[%emt 00:01:07]} Kg8
{[%clk 01:03:43]} {[%emt 00:00:09]} 23. Nf6+ {[%clk 00:31:16]} {[%emt
00:00:49]} Kf8 {[%clk 01:04:03]} {[%emt 00:00:09]} 24. Rd3 {[%clk 00:27:15]}
{[%emt 00:04:31]} Qe7 {[%clk 01:03:39]} {[%emt 00:00:54]} 25. Bxf7 {[%clk
00:26:34]} {[%emt 00:01:12]} Ne5 {[%clk 01:02:37]} {[%emt 00:01:32]} 26. Nd5
{[%clk 00:22:24]} {[%emt 00:04:40]} Qxf7 {[%clk 01:02:47]} {[%emt 00:00:21]}
27. Rd4 {[%clk 00:17:22]} {[%emt 00:05:32]} g5 {[%clk 01:02:29]} {[%emt
00:00:47]} 28. Rc7 {[%clk 00:16:16]} {[%emt 00:01:37]} Qe6 {[%clk 01:02:44]}
{[%emt 00:00:13]} 29. f4 {[%clk 00:11:22]} {[%emt 00:05:25]} Nf7 {[%clk
01:02:20]} {[%emt 00:00:54]} 30. fxg5 {[%clk 00:10:09]} {[%emt 00:01:43]} Rac8
{[%clk 01:02:32]} {[%emt 00:00:18]} 31. Rf4 {[%clk 00:09:28]} {[%emt 00:01:10]}
1-0

[Event "DVM U14 2023"]
[Site "Magdeburg GER"]
[Date "2023.12.27"]
[Round "2"]
[White "Ellinger, Maximilian"]
[Black "Lavrov, Nikolay"]
[Result "1-0"]
[Termination "normal"]
[Board "2.3"]
[WhiteElo "1654"]
[BlackElo "1607"]
[WhiteClock "00:22:37"]
[BlackClock "00:02:52"]
[WhiteTeam "USV TU Dresden"]
[BlackTeam "Schachzentrum Bemerode"]
[PlyCount "46"]
[WhiteFideId "34631003"]
[BlackFideId "34617701"]
[EventCountry "GER"]
[EventRounds "7"]
[EventType "team-swiss"]
[EventDate "2023.12.26"]

1. e4 {[%clk 01:30:57]} {[%emt 00:00:03]} e5 {[%clk 01:30:47]} {[%emt
00:00:14]} 2. Nf3 {[%clk 01:31:22]} {[%emt 00:00:05]} Nc6 {[%clk 01:31:12]}
{[%emt 00:00:05]} 3. Bc4 {[%clk 01:31:49]} {[%emt 00:00:03]} Bc5 {[%clk
01:31:35]} {[%emt 00:00:07]} 4. O-O {[%clk 01:31:58]} {[%emt 00:00:21]} Nf6
{[%clk 01:30:22]} {[%emt 00:01:43]} 5. d4 {[%clk 01:31:57]} {[%emt 00:00:31]}
Bxd4 {[%clk 01:28:50]} {[%emt 00:02:02]} 6. Nxd4 {[%clk 01:32:21]} {[%emt
00:00:06]} Nxd4 {[%clk 01:28:19]} {[%emt 00:01:01]} 7. Bg5 {[%clk 01:32:36]}
{[%emt 00:00:15]} O-O {[%clk 01:26:55]} 8. f4 {[%clk 01:32:18]} {[%emt
00:02:42]} Nc6 {[%clk 01:09:00]} 9. Nc3 {[%clk 01:26:55]} {[%emt 00:24:18]} Qe7
{[%clk 01:02:04]} 10. Kh1 {[%clk 01:23:41]} {[%emt 00:11:10]} exf4 {[%clk
00:49:36]} 11. Rxf4 {[%clk 01:00:56]} {[%emt 00:36:12]} Qe5 {[%clk 00:40:32]}
12. Rf5 {[%clk 01:00:56]} Qd4 {[%clk 00:40:32]} 13. Qf1 {[%clk 01:00:56]} Ne5
{[%clk 00:40:32]} 14. Bxf6 {[%clk 01:00:56]} gxf6 {[%clk 00:40:32]} 15. Nd5
{[%clk 01:00:56]} Ng6 {[%clk 00:40:32]} 16. Nxf6+ {[%clk 01:00:56]} Kg7 {[%clk
00:40:32]} 17. Nh5+ {[%clk 01:00:56]} Kh8 {[%clk 00:40:32]} 18. Rxf7 {[%clk
01:00:56]} Qd6 {[%clk 00:06:43]} {[%emt 01:20:50]} 19. Rxf8+ {[%clk 00:26:45]}
{[%emt 00:04:15]} Qxf8 {[%clk 00:06:48]} {[%emt 00:00:24]} 20. Qe2 {[%clk
00:24:24]} {[%emt 00:02:51]} Qe7 {[%clk 00:05:49]} {[%emt 00:01:28]} 21. Rf1
{[%clk 00:24:00]} {[%emt 00:00:55]} d6 {[%clk 00:05:38]} {[%emt 00:00:41]} 22.
Rf7 {[%clk 00:23:31]} {[%emt 00:01:00]} Qe5 {[%clk 00:05:23]} {[%emt 00:00:44]}
23. Nf6 {[%clk 00:22:37]} {[%emt 00:01:24]} Qxb2 {[%clk 00:02:52]} {[%emt
00:03:01]} 1-0

[Event "DVM U14 2023"]
[Site "Magdeburg GER"]
[Date "2023.12.27"]
[Round "2"]
[White "Niazai, Muhammad"]
[Black "Sato, Kai"]
[Result "1-0"]
[Termination "normal"]
[Board "2.4"]
[WhiteElo "1462"]
[BlackElo "1386"]
[WhiteClock "00:37:28"]
[BlackClock "00:19:10"]
[WhiteTeam "Schachzentrum Bemerode"]
[BlackTeam "USV TU Dresden"]
[PlyCount "95"]
[WhiteFideId "34681701"]
[BlackFideId "34605630"]
[EventCountry "GER"]
[EventRounds "7"]
[EventType "team-swiss"]
[EventDate "2023.12.26"]

1. c4 {[%clk 01:30:57]} {[%emt 00:00:03]} Nf6 {[%clk 01:30:42]} {[%emt
00:00:19]} 2. Nc3 {[%clk 01:31:13]} {[%emt 00:00:13]} e6 {[%clk 01:30:59]}
{[%emt 00:00:14]} 3. Nf3 {[%clk 01:31:15]} {[%emt 00:00:28]} d5 {[%clk
01:31:01]} {[%emt 00:00:28]} 4. cxd5 {[%clk 01:31:36]} {[%emt 00:00:09]} exd5
{[%clk 01:31:10]} {[%emt 00:00:21]} 5. d4 {[%clk 01:31:53]} {[%emt 00:00:13]}
c6 {[%clk 01:29:41]} {[%emt 00:01:59]} 6. Bg5 {[%clk 01:31:58]} {[%emt
00:00:25]} h6 {[%clk 01:29:39]} {[%emt 00:00:33]} 7. Bh4 {[%clk 01:32:19]}
{[%emt 00:00:08]} Be7 {[%clk 01:29:18]} {[%emt 00:00:50]} 8. e3 {[%clk
01:32:32]} {[%emt 00:00:18]} Nbd7 {[%clk 01:29:02]} {[%emt 00:00:46]} 9. Be2
{[%clk 01:32:07]} {[%emt 00:00:54]} b6 {[%clk 01:24:29]} {[%emt 00:05:04]} 10.
a3 {[%clk 01:30:17]} {[%emt 00:02:20]} Bb7 {[%clk 01:23:18]} {[%emt 00:01:41]}
11. b4 {[%clk 01:28:18]} {[%emt 00:02:29]} O-O {[%clk 01:20:17]} {[%emt
00:03:31]} 12. O-O {[%clk 01:28:34]} {[%emt 00:00:14]} Ne4 {[%clk 01:19:22]}
{[%emt 00:01:25]} 13. Bxe7 {[%clk 01:28:06]} {[%emt 00:00:58]} Qxe7 {[%clk
01:19:24]} {[%emt 00:00:28]} 14. Nxe4 {[%clk 01:24:43]} {[%emt 00:03:52]} dxe4
{[%clk 01:19:39]} {[%emt 00:00:16]} 15. Nd2 {[%clk 01:25:07]} {[%emt 00:00:06]}
f5 {[%clk 01:17:42]} {[%emt 00:02:27]} 16. Qb3+ {[%clk 01:20:49]} {[%emt
00:04:48]} Kh8 {[%clk 01:16:50]} {[%emt 00:01:22]} 17. a4 {[%clk 01:13:30]}
{[%emt 00:07:49]} Rab8 {[%clk 01:13:18]} {[%emt 00:04:02]} 18. f3 {[%clk
01:06:58]} {[%emt 00:07:02]} c5 {[%clk 01:03:41]} {[%emt 00:10:07]} 19. dxc5
{[%clk 01:05:31]} {[%emt 00:01:56]} bxc5 {[%clk 01:03:48]} {[%emt 00:00:24]}
20. b5 {[%clk 01:05:19]} {[%emt 00:00:41]} Ne5 {[%clk 01:01:50]} {[%emt
00:02:27]} 21. f4 {[%clk 01:04:34]} {[%emt 00:01:16]} Rbd8 {[%clk 00:57:09]}
{[%emt 00:05:12]} 22. Rad1 {[%clk 01:01:56]} {[%emt 00:03:08]} Ng6 {[%clk
00:53:21]} {[%emt 00:04:17]} 23. Nc4 {[%clk 00:59:06]} {[%emt 00:03:20]} Qe6
{[%clk 00:49:21]} {[%emt 00:04:30]} 24. Qc3 {[%clk 00:56:04]} {[%emt 00:03:32]}
Rd7 {[%clk 00:43:57]} {[%emt 00:05:55]} 25. Rxd7 {[%clk 00:55:13]} {[%emt
00:01:20]} Qxd7 {[%clk 00:44:17]} {[%emt 00:00:11]} 26. Rd1 {[%clk 00:55:04]}
{[%emt 00:00:38]} Qc7 {[%clk 00:38:55]} {[%emt 00:05:53]} 27. Rd6 {[%clk
00:52:40]} {[%emt 00:02:54]} Ne7 {[%clk 00:37:08]} {[%emt 00:02:16]} 28. Qd2
{[%clk 00:51:40]} {[%emt 00:01:30]} Bd5 {[%clk 00:31:33]} {[%emt 00:06:05]} 29.
Rxd5 {[%clk 00:51:11]} {[%emt 00:01:00]} Nxd5 {[%clk 00:32:01]} {[%emt
00:00:02]} 30. Qxd5 {[%clk 00:51:37]} {[%emt 00:00:03]} Qe7 {[%clk 00:30:58]}
{[%emt 00:01:33]} 31. Ne5 {[%clk 00:50:21]} {[%emt 00:01:46]} Kh7 {[%clk
00:30:24]} {[%emt 00:01:05]} 32. Bh5 {[%clk 00:47:43]} {[%emt 00:03:07]} Rf6
{[%clk 00:28:34]} {[%emt 00:02:21]} 33. Nd7 {[%clk 00:42:49]} {[%emt 00:05:24]}
Rd6 {[%clk 00:24:27]} {[%emt 00:04:36]} 34. Qxf5+ {[%clk 00:43:02]} {[%emt
00:00:17]} g6 {[%clk 00:24:17]} {[%emt 00:00:42]} 35. Bxg6+ {[%clk 00:42:16]}
{[%emt 00:01:15]} Rxg6 {[%clk 00:24:33]} {[%emt 00:00:14]} 36. Nf8+ {[%clk
00:42:40]} {[%emt 00:00:06]} Kg7 {[%clk 00:24:32]} {[%emt 00:00:31]} 37. Nxg6
{[%clk 00:43:02]} {[%emt 00:00:08]} Qd8 {[%clk 00:22:57]} {[%emt 00:02:05]} 38.
Qxe4 {[%clk 00:40:32]} {[%emt 00:02:59]} Qd1+ {[%clk 00:22:53]} {[%emt
00:00:34]} 39. Kf2 {[%clk 00:40:54]} {[%emt 00:00:08]} Qd2+ {[%clk 00:22:24]}
{[%emt 00:01:00]} 40. Kg3 {[%clk 00:41:17]} {[%emt 00:00:06]} Qe1+ {[%clk
00:22:21]} {[%emt 00:00:34]} 41. Kh3 {[%clk 00:41:27]} {[%emt 00:00:19]} Qe2
{[%clk 00:21:55]} {[%emt 00:00:57]} 42. f5 {[%clk 00:39:28]} {[%emt 00:02:29]}
h5 {[%clk 00:21:30]} {[%emt 00:00:55]} 43. Qf3 {[%clk 00:37:39]} {[%emt
00:02:17]} Qd3 {[%clk 00:18:59]} {[%emt 00:03:02]} 44. Ne5 {[%clk 00:37:20]}
{[%emt 00:00:50]} Qc3 {[%clk 00:18:51]} {[%emt 00:00:36]} 45. f6+ {[%clk
00:37:17]} {[%emt 00:00:34]} Kh6 {[%clk 00:18:36]} {[%emt 00:00:45]} 46. Qf4+
{[%clk 00:37:19]} {[%emt 00:00:27]} Kh7 {[%clk 00:19:02]} {[%emt 00:00:05]} 47.
Qg5 {[%clk 00:37:09]} {[%emt 00:00:38]} Qxe3+ {[%clk 00:19:10]} {[%emt
00:00:25]} 48. Qxe3 {[%clk 00:37:28]} {[%emt 00:00:10]} 1-0